| 000 | 00686nam a22002055i 4500 | ||
|---|---|---|---|
| 001 | 48473 | ||
| 003 | ES-MaACL | ||
| 005 | 20230906161746.0 | ||
| 007 | t| | ||
| 008 | 950720s1867 sp ||||1| spa d | ||
| 100 | 1 |
_aDelago y David, Joaquín. _943296 |
|
| 245 | 1 | 0 |
_aLecciones de retórica y poética : _bdispuestas para los estudios de 2ª enseñanza / _cpor Joaquín Delago y David. |
| 250 | _a2ª ed. | ||
| 260 |
_aJaén : _b[s.n], _c1867 ( _fImp. de los sres. Rubio y Compañía) |
||
| 300 |
_aVIII, 218 p. ; _c20 cm. |
||
| 650 | 4 |
_aPreceptiva literaria. _9150091 |
|
| 650 | 4 |
_aLengua española- _xRetórica. _9170469 |
|
| 650 | 0 | 0 |
_aPoética. _916254 |
| 852 |
_aES-MaACL _jG-12292 |
||
| 999 |
_c48473 _d48473 |
||